000 00300nam a22001337a 4500
008 180928b xxu||||| |||| 00| 0 eng d
020 _a9780673980137
041 _aeng
080 _26th
_a330
100 _a52
101 _aEKO
245 _aModern labor Economics
_cEhrenberg,R.G
942 _2udc
_cBK
999 _c48685
_d48685